Catálogo de la Biblioteca Horacio González - Universidad Nacional de General Sarmiento

Los pájaros = The birds (Registro nro. 54917)

Detalles MARC
000 -CABECERA
campo de control de longitud fija 01490ngm a22002770a 4500
001 - NÚMERO DE CONTROL
campo de control PT35677
003 - IDENTIFICADOR DEL NÚMERO DE CONTROL
campo de control AR-LpoUNG
005 - FECHA Y HORA DE LA ÚLTIMA TRANSACCIÓN
campo de control 20210202000452.0
007 - CAMPO FIJO DE DESCRIPCIÓN FÍSICA--INFORMACIÓN GENERAL
campo de control de longitud fija vd cvaizq
008 - DATOS DE LONGITUD FIJA--INFORMACIÓN GENERAL
campo de control de longitud fija 191001s2000||||ag |||||||||||||||||eng d
040 ## - FUENTE DE LA CATALOGACIÓN
Centro catalogador/agencia de origen AR-LpoUNG
Lengua de catalogación spa
Centro/agencia transcriptor AR-LpoUNG
Normas de descripción aacr
041 ## - CÓDIGO DE LENGUA
Código de lengua del texto/banda sonora o título independiente eng
044 ## - CÓDIGO DEL PAÍS DE LA ENTIDAD EDITORA/PRODUCTORA
Código MARC del país ag
082 0# - NÚMERO DE LA CLASIFICACIÓN DECIMAL DEWEY
Número de clasificación 809.916 674paj
100 1# - ENTRADA PRINCIPAL--NOMBRE DE PERSONA
Nombre de persona Hitchcock, Alfred
Término indicativo de función/relación dir.
245 14 - MENCIÓN DE TÍTULO
Título Los pájaros = The birds
260 ## - PUBLICACIÓN, DISTRIBUCIÓN, ETC.
Lugar de publicación, distribución, etc. San Luis :
Nombre del editor, distribuidor, etc. AVH - Planeta-DeAgostini,
Fecha de publicación, distribución, etc. 2000.
300 ## - DESCRIPCIÓN FÍSICA
Extensión VHS (119 min.) : son., col.
505 0# - NOTA DE CONTENIDO CON FORMATO
Nota de contenido con formato Hecha en 1963. - Subtítilos en castellano. - Créditos: Guión: Evan Hunte; diseño de producción, Robert F. Boyle; efectos especiales, Larry Hampton; fotografía, Robert Burks. - Elenco: Rod Taylor, Jessica Tandy, Suzanne Pleshette, Tippi Hedren, Veronica Cartwright, Ethel Griffies, Charles McGraw, Ruth McDevitt, Lonny Chapman, Joe Mantell, Doodles Weaver, Malcolm Atterbury, John McGovern, Karl Swenson, Richard Deacon, Elizabeth Wilson, Bill Quinn, Doreen Lang.
520 ## - SUMARIO, ETC.
Sumario, etc. Melanie Daniels conoce a Mitch Brenner en una pajarería de San Francisco, mientras éste buscaba una pareja de periquitos para un regalo. Ella decide darle una sopresa llevándole a su ciudad natal en Bodega Bay la pareja de periquitos que buscaba. Cuando llega al lugar, los pájaros de la zona comienzan a atacar sin razón aparente a los habitantes del lugar.
653 ## - TÉRMINO DE INDIZACIÓN--NO CONTROLADO
Término no controlado CINE
653 ## - TÉRMINO DE INDIZACIÓN--NO CONTROLADO
Término no controlado SUSPENSO
653 ## - TÉRMINO DE INDIZACIÓN--NO CONTROLADO
Término no controlado VIDEOS
905 ## - ELEMENTOS DE DATOS E LOCAL, LDE (RLIN)
a 35677
942 ## - ELEMENTOS DE PUNTO DE ACCESO ADICIONAL (KOHA)
Tipo de ítem Koha Video
Existencias
Estado de retiro Estado de pérdida Estado dañado No para préstamo Código de colección Localización permanente Ubicación/localización actual Fecha de adquisición Total de préstamos Signatura topográfica completa Código de barras Fecha visto por última vez Fecha del último préstamo Precio válido a partir de Tipo de ítem Koha
        Colección Cine Biblioteca Universidad Nacional de General Sarmiento Biblioteca Universidad Nacional de General Sarmiento 02/02/2021 2 809.916 674paj 00042630 17/03/2022 10/03/2022 02/02/2021 Video